Complete hairdressing science
| Main Author: | |
|---|---|
| Other Authors: | |
| Format: | Book |
| Published: |
Oxford :
Heinemann Professional Publishing ,
1989
|
| Edition: | 4th ed |
| Subjects: |
MARC
| LEADER | 00000cam a2200000 7i4500 | ||
|---|---|---|---|
| 001 | 0000000189 | ||
| 002 | 000000251 | ||
| 005 | 20081204.0 | ||
| 020 | |a 0434910481 | ||
| 090 | 0 | 0 | |a 646.7242015 |b KIL |
| 100 | 1 | |a Kilgour, O.F.G | |
| 245 | 1 | 0 | |a Complete hairdressing science |c O.F.G Kilgour and Marguerite McGarry |
| 250 | |a 4th ed | ||
| 260 | |a Oxford : |b Heinemann Professional Publishing , |c 1989 | ||
| 300 | |a 290p. ; |c 25cm. | ||
| 650 | 0 | 0 | |a Hair and hairdressing |x Technique |
| 700 | 1 | |a McGarry, Marguerite | |
| 999 | |a 027650 |b BUKU |c PINJAMAN |e PERPUSTAKAAN KOMUNITI PETALING JAYA | ||